[Event "Tourn. n8145"]
[Site "www.chess-mail.com"]
[Date "2015.04.06"]
[Round "1"]
[White "Cathar"]
[Black "Korbacik"]
[WhiteElo "2250"]
[BlackElo "2189"]
[Result "0-1"]
[Round "1"]
1.e4 c5
2.Ng1f3 d6
3.d4 cxd4
4.Nf3xd4 Ng8f6
5.Nb1c3 a6
6.h3 e5
7.Nd4e2 Bc8e6
8.g4 h5
9.g5 Nf6d7
10.h4 b5
11.Bf1h3 Nd7b6
12.Bh3xe6 fxe6
13.f4 Nb8d7
14.f5 exf5
15.exf5 Qd8c7
16.O-O Qc7c5
17.Rf1f2 O-O-O
18.Nc3e4 Qc5c6
19.Ne4g3 d5
20.c3 Bf8c5
{ resign }
0-1

[Event "Tourn. n8105"]
[Site "www.chess-mail.com"]
[Date "2015.04.06"]
[Round "1"]
[White "Kesalon"]
[Black "Servant"]
[WhiteElo "1740"]
[BlackElo "1640"]
[Result "1-0"]
[Round "1"]
1.e4 c6
2.d4 d5
3.Nb1c3 dxe4
4.Nc3xe4 Bc8f5
5.Ne4g3 Bf5g6
6.h4 h6
7.Ng1f3 Nb8d7
8.h5 Bg6h7
9.Bf1d3 Bh7xd3
10.Qd1xd3 Ng8f6
11.Bc1d2 e6
12.O-O-O Qd8c7
13.Ng3e4 Nf6xe4
14.Qd3xe4 Nd7f6
15.Qe4e2 O-O-O
16.Bd2c3 Bf8d6
17.Nf3e5 Bd6xe5
18.dxe5 Nf6d5
19.Bc3d4 Nd5b6
20.Qe2f3 Rd8d5
21.Bd4xb6 Qc7xb6
22.Rd1xd5 cxd5
23.Qf3xf7 Qb6c7
24.Qf7xe6 Kb8
25.Qe6xd5 Rh8c8
26.c3 Rc8d8
27.Qd5e4 Qc7d7
28.Qe4e2 { resign }
1-0

[Event "Tourn. n8129"]
[Site "www.chess-mail.com"]
[Date "2015.04.06"]
[Round "1"]
[White "Tyty56"]
[Black "Krasin"]
[WhiteElo "2530"]
[BlackElo "2330"]
[Result "1-0"]
[Round "1"]
1.e4 e5
2.Nb1c3 Ng8f6
3.f4 d5
4.fxe5 Nf6xe4
5.Ng1f3 Bf8e7
6.Qd1e2 Ne4xc3
7.dxc3 O-O
8.Bc1f4 Bc8e6
9.Qe2f2 c5
10.Qf2g3 Kh8
11.Nf3g5  { time }
1-0

[Event "Tourn. n8099"]
[Site "www.chess-mail.com"]
[Date "2015.04.06"]
[Round "1"]
[White "Attatroll"]
[Black "Gerailen0075"]
[WhiteElo "1950"]
[BlackElo "1809"]
[Result "1-0"]
[Round "1"]
1.c4 c5
2.Nb1c3 Ng8f6
3.g3 g6
4.Bf1g2 Bf8g7
5.Ng1f3 O-O
6.O-O Nb8c6
7.a3 d5
8.cxd5 Nf6xd5
9.Nc3xd5 Qd8xd5
10.Ra1b1 Qd5d6
11.d3 Rf8d8
12.Bc1f4 e5
13.Bf4d2 Ra8b8
14.Bd2c3 b6
15.Nf3g5 Bc8b7
16.Qd1b3 Qd6e7
17.h4 h6
18.Ng5e4 Nc6d4
19.Bc3xd4 cxd4
20.Rb1c1 Bb7d5
21.Qb3b5 Qe7e6
22.Kh2 f5
23.Ne4d2 Bd5xg2
24.Kxg2 Rb8c8
25.Nd2c4 { resign }
1-0

[Event "Tourn. n8044"]
[Site "www.chess-mail.com"]
[Date "2015.04.06"]
[Round "1"]
[White "Maredocla"]
[Black "Colchester"]
[WhiteElo "1970"]
[BlackElo "1870"]
[Result "0-1"]
[Round "1"]
1.e4 c5
2.Ng1f3 Nb8c6
3.c3 d5
4.exd5 Qd8xd5
5.Nb1a3 a6
6.Bf1e2 Ng8f6
7.O-O e6
8.d4 cxd4
9.cxd4 Bf8xa3
10.bxa3 O-O
11.Bc1b2 b5
12.Nf3d2 Nc6xd4
13.Nd2b3 Nd4xe2
14.Qd1xe2 Bc8b7
15.f4 Ra8c8
16.Ra1d1 Qd5c6
17.Nb3a5 Qc6b6
18.Qe2f2 Qb6xf2
19.Rf1xf2 Bb7d5
20.f5 Nf6e4
21.Rf2f4 Rc8c2
22.Bb2e5 Rc2xa2
23.Rf4g4 f6
24.Be5d4 { time. }
0-1

[Event "Tourn. n7963"]
[Site "www.chess-mail.com"]
[Date "2015.04.06"]
[Round "1"]
[White "George1955"]
[Black "Pgcbies"]
[WhiteElo "2670"]
[BlackElo "2830"]
[Result "1-0"]
[Round "1"]
1.e4 e5
2.Ng1f3 Nb8c6
3.Bf1b5 a6
4.Bb5a4 Ng8f6
5.O-O b5
6.Ba4b3 Bf8e7
7.Rf1e1 O-O
8.c3 d5
9.exd5 Nf6xd5
10.Nf3xe5 Nc6xe5
11.Re1xe5 c6
12.d4 Be7d6
13.Re5e1 Qd8h4
14.g3 Qh4h3
15.Bc1e3 Bc8g4
16.Qd1d3 Ra8e8
17.Nb1d2 Re8e6
18.a4 f5
19.axb5 axb5
20.Qd3f1 Qh3h5
21.f4 Kh8
22.Bb3xd5 cxd5
23.Qf1g2 Re6h6
24.h4 Qh5f7
25.Nd2f3 Bg4xf3
26.Qg2xf3 Qf7b7
27.Be3d2 Rh6f6
28.Ra1a5 Qb7c6
29.Qf3e2 Rf8b8
30.Ra5a7 Rb8f8
31.Kg2 h6
32.Kh3 Kg8
33.b3 Kh7
34.Qe2f3 Rf8e8
{ time. }
1-0

[Event "Tourn. n8172"]
[Site "www.chess-mail.com"]
[Date "2015.04.06"]
[Round "1"]
[White "Amaya"]
[Black "Bevittsmith"]
[WhiteElo "2020"]
[BlackElo "2250"]
[Result "0-1"]
[Round "1"]
1.d4 Ng8f6
2.e3 d5
3.Bf1d3 Nb8c6
4.Nb1d2 e5
5.c3 Bf8d6
6.f3 Bc8e6
7.Ng1e2 O-O
8.O-O Nf6d7
9.Ne2g3 f5
10.f4 e4
11.Bd3c2 Qd8h4
12.Ng3h1 g5
13.fxg5 Bd6xh2
{ resign }
0-1

[Event "Tourn. n8155"]
[Site "www.chess-mail.com"]
[Date "2015.04.06"]
[Round "1"]
[White "Rons"]
[Black "Pgcbies"]
[WhiteElo "2540"]
[BlackElo "2770"]
[Result "1-0"]
[Round "1"]
1.e4 c6
2.d4 d5
3.e5 Bc8f5
4.Ng1f3 e6
5.Bf1e2 Nb8d7
6.O-O h6
7.Nb1d2 Ng8e7
{ time. }
1-0

[Event "Tourn. n8099"]
[Site "www.chess-mail.com"]
[Date "2015.04.06"]
[Round "1"]
[White "Vite"]
[Black "Gerailen0075"]
[WhiteElo "1950"]
[BlackElo "1809"]
[Result "1-0"]
[Round "1"]
1.e4 Ng8f6
2.e5 Nf6d5
3.d4 d6
4.Ng1f3 Nb8c6
5.c4 Nd5b6
6.Bf1e2 Bc8g4
7.d5 Bg4xf3
8.dxc6 Bf3xg2
9.cxb7 Bg2xh1
10.bxa8R Bh1xa8
11.exd6 cxd6
12.Nb1c3 g6
13.Bc1e3 Bf8g7
14.Be3d4 O-O
15.b3 h5
16.Qd1d3 e5
17.Bd4e3 { resign }
1-0

[Event "Tourn. n8099"]
[Site "www.chess-mail.com"]
[Date "2015.04.06"]
[Round "1"]
[White "Gerailen0075"]
[Black "Abuelo"]
[WhiteElo "1809"]
[BlackElo "2100"]
[Result "0-1"]
[Round "1"]
1.e4 e5
2.Ng1f3 Bf8d6
3.Bf1c4 Ng8f6
4.Nb1c3 b6
5.O-O Bc8b7
6.d3 h6
7.Nf3h4 Nf6xe4
8.Qd1h5 Qd8f6
9.Nc3xe4 Bb7xe4
10.dxe4 Nb8c6
11.Bc4d5 O-O-O
12.Bd5xc6 dxc6
13.Nh4f5 Bd6c5
14.Qh5e2 h5
15.Qe2a6 Kb8
16.a4 g6
17.Nf5e3 Qf6f4
{ resign }
0-1

[Event "Match"]
[Site "www.echecsemail.com"]
[Date "2015.04.06"]
[Round "1"]
[White "Micheles"]
[Black "Gerailen0075"]
[WhiteElo "2560"]
[BlackElo "1879"]
[Result "1-0"]
[Round "1"]
1.d4 Ng8f6
2.Ng1f3 e6
3.Bc1g5 c5
4.c3 Qd8b6
5.Qd1b3 d5
6.e3 Nf6e4
7.Bg5h4 Nb8c6
8.Nb1d2 Bf8d6
9.Nd2xe4 dxe4
10.Nf3d2 f5
11.Nd2c4 Qb6xb3
12.axb3 { resign }
1-0

[Event "Match"]
[Site "www.echecsemail.com"]
[Date "2015.04.06"]
[Round "1"]
[White "Krystek23"]
[Black "Gerailen0075"]
[WhiteElo "2320"]
[BlackElo "1769"]
[Result "1-0"]
[Round "1"]
1.c4 c5
2.Nb1c3 Ng8f6
3.Ng1f3 g6
4.e3 Bf8g7
5.Bf1e2 O-O
6.a3 Nb8c6
7.d4 cxd4
8.exd4 d5
9.h3 a6
10.c5 { resign }
1-0

[Event "Match"]
[Site "www.echecsemail.com"]
[Date "2015.04.06"]
[Round "1"]
[White "Oxycontin"]
[Black "Gerailen0075"]
[WhiteElo "2080"]
[BlackElo "1809"]
[Result "1-0"]
[Round "1"]
1.Ng1f3 Ng8f6
2.g3 c5
3.Bf1g2 g6
4.O-O Bf8g7
5.e3 O-O
6.d4 Qd8c7
7.c3 d5
8.Nb1d2 Nb8d7
9.Rf1e1 Ra8b8
10.e4 dxe4
11.Nd2xe4 Nf6xe4
12.Re1xe4 cxd4
13.cxd4 Nd7f6
14.Bc1f4 Qc7d8
15.Re4xe7 Qd8xe7
16.Bf4xb8 Bc8e6
17.Bb8xa7 { resign }
1-0

[Event "Match"]
[Site "www.echecsemail.com"]
[Date "2015.04.06"]
[Round "1"]
[White "Ditto"]
[Black "Ztornad"]
[WhiteElo "1730"]
[BlackElo "1670"]
[Result "1-0"]
[Round "1"]
1.d4 d5
2.Ng1f3 Nb8c6
3.Bc1f4 e6
4.e3 h6
5.Bf1b5 a6
6.Bb5d3 Bf8d6
7.c4 Nc6b4
8.c5 Nb4xd3
9.Qd1xd3 Ng8f6
10.O-O g5
11.cxd6 cxd6
12.Nb1c3 Bc8d7
13.Bf4xd6 Bd7c6
14.Bd6e5 Rh8g8
15.Be5xf6 Qd8xf6
16.Nf3e5 Ra8c8
17.a4 Rc8a8
18.Ne5xc6 bxc6
19.a5 Rg8g7
20.Nc3a4 Qf6d8
21.Qd3c3 Qd8c7
22.Na4c5 f5
23.Nc5xe6 Qc7b7
24.Ne6xg7 Kf7
25.Ng7xf5 Kg6
26.Nf5d6 Qb7d7
27.Qc3d3 Kg7
28.Nd6f5 Kf6
29.Nf5xh6 Qd7e7
30.Nh6g4 Kg7
31.Ra1c1 Qe7c7
32.Ng4e5 Kh8
33.Rc1xc6 Qc7g7
34.Ne5g6 Kg8
35.Qd3f5 Ra8a7
36.Qf5xd5 Kh7
37.Qd5xg5 Ra7f7
38.Qg5h4 Kg8
39.Rc6c8 Rf7f8
40.Rc8xf8 Qg7xf8
41.Ng6xf8 Kxf8
42.Qh4h7 Ke8
43.Rf1c1 { resign }
1-0

[Event "Match"]
[Site "www.echecsemail.com"]
[Date "2015.04.06"]
[Round "1"]
[White "Gerailen0075"]
[Black "Glenno"]
[WhiteElo "1969"]
[BlackElo "2370"]
[Result "0-1"]
[Round "1"]
1.e4 e5
2.Ng1f3 Nb8c6
3.d4 exd4
4.Nf3xd4 Bf8c5
5.Nd4b3 Bc5b6
6.Qd1e2 d6
7.Nb1c3 Ng8e7
8.Bc1g5 f6
9.Bg5h4 O-O
10.O-O-O Ne7g6
11.Bh4g3 f5
{ resign }
0-1

[Event "Match"]
[Site "www.echecsemail.com"]
[Date "2015.04.06"]
[Round "1"]
[White "Carloswhizz"]
[Black "Korbacik"]
[WhiteElo "1760"]
[BlackElo "1809"]
[Result "0-1"]
[Round "1"]
1.e4 c5
2.d4 cxd4
3.c3 dxc3
4.Nb1xc3 Nb8c6
5.Bf1c4 e6
6.Ng1f3 Bf8b4
7.Bc1d2 Ng8e7
8.O-O O-O
9.a3 Bb4c5
10.b4 Bc5b6
11.Rf1e1 d5
12.exd5 exd5
13.Bc4b3 Bc8g4
14.h3 Bg4h5
15.Ra1c1 Nc6d4
16.Re1e5 Bh5xf3
17.gxf3 Qd8d6
18.f4 Qd6g6
19.Re5g5 Qg6d3
20.Kh2 Nd4f3
21.Kg2 Nf3xg5
22.fxg5 Ne7f5
23.Bd2f4 Nf5h4
24.Kh2 Qd3f5
25.Qd1g4 Qf5xg4
26.hxg4 Bb6xf2
27.Nc3xd5 Nh4g6
28.Rc1f1 Ng6xf4
29.Nd5xf4 Bf2e3
30.Nf4h3 Ra8e8
31.Kg3 Re8e7
32.Rf1h1 g6
33.Nh3f4 Be3xf4
34.Kxf4 Kg7
35.b5 f6
36.gxf6 Rf8xf6
37.Kg5 h6
38.Kh4 Re7e3
39.Bb3d5 g5
40.Kh5 Rf6f2
41.Bd5xb7 Re3e2
{ resign }
0-1

[Event "Match"]
[Site "www.echecsemail.com"]
[Date "2015.04.06"]
[Round "1"]
[White "Capitaine"]
[Black "Gerailen0075"]
[WhiteElo "2340"]
[BlackElo "1809"]
[Result "1-0"]
[Round "1"]
1.c4 c5
2.Nb1c3 Ng8f6
3.g3 g6
4.Bf1g2 Bf8g7
5.e3 O-O
6.Ng1e2 Nb8c6
7.d4 d6
8.O-O e5
9.d5 Nc6a5
10.Qd1d3 Ra8b8
11.e4 b6
12.f4 exf4
13.Bc1xf4 Nf6h5
14.Bf4e3 f5
15.Ra1b1 Bc8a6
16.b3 { resign }
1-0

[Event "Match"]
[Site "www.echecsemail.com"]
[Date "2015.04.06"]
[Round "1"]
[White "Gerailen0075"]
[Black "Orkman"]
[WhiteElo "1879"]
[BlackElo "2120"]
[Result "0-1"]
[Round "1"]
1.e4 c5
2.Nb1c3 Nb8c6
3.Bf1b5 a6
4.Bb5xc6 dxc6
5.d3 e5
6.Ng1e2 Ng8f6
7.O-O Bf8e7
8.b3 O-O
9.Bc1b2 Bc8e6
10.Ne2g3 Qd8c7
11.Nc3e2 b5
12.Qd1d2 c4
{ resign }
0-1

[Event "Match"]
[Site "www.echecsemail.com"]
[Date "2015.04.06"]
[Round "1"]
[White "F14"]
[Black "Fangshuo"]
[WhiteElo "1870"]
[BlackElo "2020"]
[Result "0-1"]
[Round "1"]
1.d4 c5
2.Ng1f3 Ng8f6
3.Nb1c3 d5
4.Bc1g5 e6
5.e3 Nb8c6
6.Bf1b5 Bc8d7
7.O-O a6
8.Bb5e2 g6
9.Nf3e5 Bf8g7
10.Rf1e1 O-O
11.a3 Qd8c7
12.b3 Nc6xe5
13.dxe5 Qc7xe5
14.Bg5f4 Qe5xc3
15.Qd1d3 Nf6e4
16.Ra1c1 g5
17.Bf4g3 Bd7b5
18.Qd3xc3 Bg7xc3
19.Re1d1 Bb5xe2
{ resign }
0-1

[Event "Match"]
[Site "www.echecsemail.com"]
[Date "2015.04.06"]
[Round "1"]
[White "Scur"]
[Black "Swampcat"]
[WhiteElo "1599"]
[BlackElo "1359"]
[Result "1-0"]
[Round "1"]
1.d4 d5
2.c4 e6
3.Nb1c3 Ng8f6
4.e3 c5
5.cxd5 Nf6xd5
6.Bf1b5 Bc8d7
7.Bb5xd7 Nb8xd7
8.e4 Nd5xc3
9.bxc3 cxd4
10.cxd4 Qd8a5
11.Bc1d2 Bf8b4
12.Ng1f3 Ra8c8
13.O-O O-O
14.Bd2xb4 Qa5xb4
15.Ra1b1 Qb4a3
16.Rb1xb7 Qa3xa2
17.Rb7xd7 a5
18.Qd1a1 Qa2xa1
19.Rf1xa1 Rc8a8
20.h3 a4
21.Rd7b7 Rf8b8
22.Rb7xb8 Ra8xb8
23.Ra1xa4 { resign }
1-0

[Event "1/128 Finale"]
[Site "www.chess-mail.com"]
[Date "2015.04.06"]
[Round "1"]
[White "Bevittsmith"]
[Black "Gambitchess"]
[WhiteElo "2250"]
[BlackElo "1660"]
[Result "1/2-1/2"]
[Round "1"]
1.e4 c6
2.Nb1c3 d5
3.Ng1f3 Bc8g4
4.h3 Bg4xf3
5.Qd1xf3 e6
6.d4 dxe4
7.Nc3xe4 Nb8d7
8.Bf1d3 Ng8f6
9.c3 Bf8e7
10.O-O Nf6xe4
11.Bd3xe4 Nd7f6
12.Be4c2 O-O
13.Bc1g5 Qd8d5
14.Qf3xd5 Nf6xd5
15.Bg5xe7 Nd5xe7
16.f4 Ne7d5
17.Ra1e1 Rf8e8
18.g3 g6
19.a3 Ra8d8
20.Re1e2 Kg7
21.Kf2 Nd5f6
22.Kf3 h5
23.a4 Rd8c8
24.Rf1d1 Re8d8
25.Re2e5 Rd8d5
26.Bc2b3 Rd5xe5
27.dxe5 Nf6d5
28.c4 Nd5c7
29.g4 hxg4
30.hxg4 Kf8
31.Rd1h1 Kg7
32.Bb3c2 Rc8d8
33.Rh1d1 Rd8xd1
34.Bc2xd1 Kf8
35.Ke4 Ke7
36.Kd4 Kd7
37.Bd1c2 Nc7a6
38.c5 Na6c7
{ draw }
1/2-1/2

[Event "1/32 Finale"]
[Site "www.chess-mail.com"]
[Date "2015.04.06"]
[Round "1"]
[White "Maredocla"]
[Black "Bevittsmith"]
[WhiteElo "2040"]
[BlackElo "2260"]
[Result "0-1"]
[Round "1"]
1.f4 d5
2.Ng1f3 Ng8f6
3.b3 g6
4.Bc1b2 Bf8g7
5.e3 c5
6.Nf3e5 Nb8d7
7.Bf1b5 a6
8.Bb5xd7 Bc8xd7
9.O-O O-O
10.d4 Ra8c8
11.Nb1d2 Bd7f5
12.Ra1c1 Nf6e4
13.dxc5 Ne4xc5
14.Bb2a1 b5
15.h3 Qd8a5
16.Ba1d4 Nc5e6
17.Ne5d7 { time. }
0-1

[Event "Eq:Slap Shot Mates-The League Of Gentlemen : "]
[Site "www.chess-mail.com"]
[Date "2015.04.06"]
[Round "1"]
[White "Mustaphly"]
[Black "Umzi"]
[WhiteElo "2670"]
[BlackElo "2080"]
[Result "1-0"]
[Round "1"]
1.d4 d5
2.Ng1f3 Ng8f6
3.c4 e6
4.Nb1c3 dxc4
5.Qd1a4 Nb8d7
6.Qa4xc4 Bf8e7
7.Bc1f4 c6
8.e4 Nd7b6
9.Qc4b3 O-O
10.Bf1e2 Nb6d7
11.O-O b6
12.Ra1c1 Bc8b7
13.e5 Nf6d5
14.Nc3xd5 cxd5
15.Rc1c3 f6
16.exf6 gxf6
17.Rc3c7 Bb7c6
18.Rc7xc6 { resign }
1-0

[Event "Tourn. n8130"]
[Site "www.chess-mail.com"]
[Date "2015.04.07"]
[Round "1"]
[White "Syd"]
[Black "Fangshuo"]
[WhiteElo "2180"]
[BlackElo "2040"]
[Result "1/2-1/2"]
[Round "1"]
1.e4 e5
2.Ng1f3 Nb8c6
3.Bf1c4 Ng8f6
4.d3 d5
5.exd5 Nf6xd5
6.O-O Bc8g4
7.Qd1e2 Qd8d6
8.Qe2e4 Nd5f6
9.Qe4e3 Bg4xf3
10.Qe3xf3 O-O-O
11.Nb1c3 Nc6d4
12.Qf3d1 c6
13.Bc1g5 Rd8d7
14.a4 h6
15.Bg5xf6 Qd6xf6
16.Nc3e4 Qf6g6
17.c3 f5
18.cxd4 fxe4
19.Qd1b3 Kb8
20.dxe5 exd3
21.e6 Rd7d4
22.a5 Bf8d6
23.Bc4a6 Bd6b4
24.Ra1a4 Qg6e4
25.Ba6xd3 Rd4xd3
26.Qb3xb4 Qe4xe6
27.Qb4c5 Rh8d8
28.h3 Qe6f6
29.a6 b6
30.Qc5c1 Rd3d2
31.Ra4c4 Kc7
32.b4 Rd8d4
{ draw }
1/2-1/2

[Event "Tourn. n8035"]
[Site "www.chess-mail.com"]
[Date "2015.04.07"]
[Round "1"]
[White "Genius9"]
[Black "Azulmarino"]
[WhiteElo "1600"]
[BlackElo "1550"]
[Result "1-0"]
[Round "1"]
1.d4 d5
2.c4 Ng8f6
3.cxd5 Qd8xd5
4.Nb1c3 Qd5c4
5.e4 Qc4c6
6.Bf1b5 Bc8g4
7.Bb5xc6 Nb8xc6
8.Ng1e2 Nc6xd4
9.Qd1a4 Nd4c6
10.f3 Bg4d7
11.Qa4d1 Ra8d8
12.Qd1b3 Nc6a5
13.Qb3c2 Na5c6
14.a3 e5
15.Bc1e3 a6
16.O-O-O Bf8d6
17.Be3g5 Bd6e7
18.Kb1 h6
19.Bg5xf6 Be7xf6
20.Nc3d5 Nc6d4
21.Ne2xd4 exd4
22.Nd5xf6 gxf6
23.Rd1xd4 f5
24.exf5 O-O
25.Rh1d1 Rf8e8
26.Rd4xd7 Rd8xd7
27.Rd1xd7 Re8e1
28.Ka2 { resign }
1-0

[Event "Tourn. n7986"]
[Site "www.chess-mail.com"]
[Date "2015.04.07"]
[Round "1"]
[White "Falcoale"]
[Black "Julian"]
[WhiteElo "1880"]
[BlackElo "1930"]
[Result "0-1"]
[Round "1"]
1.e4 c5
2.Ng1f3 d6
3.Bf1c4 e6
4.O-O Nb8c6
5.d4 cxd4
6.Nf3xd4 Ng8f6
7.Nb1c3 Bf8e7
8.Rf1e1 O-O
9.a3 a6
10.Nd4f3 b5
11.Bc4a2 Bc8b7
12.e5 dxe5
13.Bc1e3 Qd8c7
14.Be3g5 Rf8d8
15.Qd1e2 Nc6d4
16.Nf3xd4 exd4
17.Nc3d1 Ra8c8
18.Ra1c1 Nf6e4
19.Bg5xe7 Qc7xe7
20.f3 Ne4g5
21.h4 d3
22.cxd3 Ng5xf3
23.gxf3 Qe7xh4
24.Rc1xc8 Rd8xc8
25.Nd1e3 Qh4g3
26.Ne3g2 Bb7xf3
27.Qe2f2 Qg3xf2
28.Kxf2 Bf3xg2
29.Kxg2 Rc8c2
30.Kf1 Rc2xb2
31.Ba2b1 b4
32.axb4 Rb2xb4
33.Bb1a2 a5
34.Re1b1 Rb4xb1
35.Ba2xb1 Kf8
36.Ke2 Ke7
37.Ke3 Kd6
38.d4 h6
39.Kd3 g5
40.Ke3 f5
41.Kd3 h5
42.Ke3 h4
43.Kf2 Kd5
44.Ke3 f4
45.Kf3 a4
46.Kg4 Kxd4
47.Bb1a2 e5
48.Ba2e6 e4
49.Kxg5 f3
50.Kxh4 a3
51.Kg3 Kc3
52.Kf2 Kb2
53.Ke3 a2
{ resign }
0-1

[Event "Tourn. n7986"]
[Site "www.chess-mail.com"]
[Date "2015.04.07"]
[Round "1"]
[White "Andychesston"]
[Black "Falcoale"]
[WhiteElo "1760"]
[BlackElo "1880"]
[Result "1-0"]
[Round "1"]
1.e4 c5
2.Ng1f3 e6
3.d4 cxd4
4.Nf3xd4 Nb8c6
5.Bc1e3 Ng8f6
6.Nb1c3 Bf8b4
7.Bf1d3 a6
8.a3 Bb4xc3
9.bxc3 Nc6e5
10.O-O b5
11.Nd4f3 Ne5c4
12.Qd1e2 Nc4xe3
13.Qe2xe3 Bc8b7
14.Ra1e1 O-O
15.Nf3g5 Ra8c8
16.Qe3h3 e5
17.Re1e3 h6
18.Ng5f3 Rc8xc3
19.Nf3xe5 d6
20.Ne5g4 Nf6xg4
21.Qh3xg4 Rc3xa3
22.Re3g3 Qd8f6
23.Qg4e2 b4
24.f4 a5
25.e5 dxe5
26.fxe5 Qf6b6
27.Rg3e3 Ra3c3
28.e6 fxe6
29.Rf1xf8 Kxf8
30.Kf1 Bb7d5
31.Qe2f2 Kg8
32.Ke2 a4
33.Qf2g3 a3
34.Qg3g6 Qb6c6
35.Qg6h7 Kf8
36.Re3g3 Ke7
37.Rg3xg7 Kd6
38.Qh7xh6 a2
39.Qh6f4 Kc5
40.Qf4f8 Kb6
41.Qf8xb4 { resign }
1-0

[Event "Tourn. n8136"]
[Site "www.chess-mail.com"]
[Date "2015.04.07"]
[Round "1"]
[White "Aperturaf"]
[Black "Sonivano"]
[WhiteElo "2450"]
[BlackElo "2350"]
[Result "1-0"]
[Round "1"]
1.e4 e5
2.f4 exf4
3.Ng1f3 g5
4.h4 g4
5.Nf3e5 d5
6.d4 Ng8f6
7.Bc1xf4 dxe4
8.Bf1c4 Nf6d5
9.O-O Bc8e6
10.Ne5xf7 Be6xf7
11.Nb1c3 Nd5xc3
12.Bc4xf7 Kxf7
13.Bf4e5 Ke8
14.Qd1xg4 Qd8d7
15.Qg4h5 Kd8
16.Be5xh8 { resign }
1-0

[Event "Tourn. n7966"]
[Site "www.chess-mail.com"]
[Date "2015.04.07"]
[Round "1"]
[White "Azulmarino"]
[Black "Gandalf"]
[WhiteElo "1560"]
[BlackElo "1580"]
[Result "1/2-1/2"]
[Round "1"]
1.e4 e5
2.Ng1f3 d6
3.Bf1c4 Bf8e7
4.Nb1c3 Ng8f6
5.d3 O-O
6.Bc1e3 Nb8c6
7.a3 a6
8.Nc3d5 Nf6xd5
9.Bc4xd5 Bc8g4
10.h3 Bg4xf3
11.Qd1xf3 Qd8d7
12.Qf3g3 Ra8b8
13.Be3h6 Be7f6
14.O-O Nc6e7
15.Bd5c4 Kh8
16.Bh6e3 Ne7g6
17.b4 c6
18.c3 d5
19.exd5 cxd5
20.Bc4b3 d4
21.cxd4 exd4
22.Be3d2 Rf8e8
23.Ra1c1 Bf6e5
24.Qg3f3 Rb8c8
25.Rc1xc8 Re8xc8
26.Qf3xf7 Qd7xf7
27.Bb3xf7 Be5f4
28.Bd2xf4 Ng6xf4
29.Rf1d1 g6
30.Kh2 Kg7
31.g3 Kxf7
32.gxf4 Rc8c3
33.a4 Rc3b3
34.b5 axb5
35.Rd1a1 bxa4
36.Ra1xa4 Rb3xd3
{ draw }
1/2-1/2

[Event "Tourn. n8131"]
[Site "www.chess-mail.com"]
[Date "2015.04.07"]
[Round "1"]
[White "Knightjumper"]
[Black "Ruko"]
[WhiteElo "1750"]
[BlackElo "1850"]
[Result "1-0"]
[Round "1"]
1.d4 Ng8f6
2.c4 e6
3.Nb1c3 Bf8b4
4.e3 O-O
5.Ng1e2 b6
6.a3 Bb4xc3
7.Ne2xc3 Bc8b7
8.d5 d6
9.Bf1e2  { time }
1-0

[Event "Tourn. n8099"]
[Site "www.chess-mail.com"]
[Date "2015.04.07"]
[Round "1"]
[White "Abuelo"]
[Black "Attatroll"]
[WhiteElo "2100"]
[BlackElo "1930"]
[Result "1-0"]
[Round "1"]
1.e4 d6
2.Nb1c3 e5
3.Ng1f3 Nb8c6
4.Bf1c4 Bc8e6
5.Bc4xe6 fxe6
6.d3 Ng8f6
7.O-O Bf8e7
8.Bc1e3 O-O
9.h3 d5
10.d4 dxe4
11.Nf3xe5 Nc6xe5
12.dxe5 Nf6d5
13.Nc3xe4 Nd5xe3
14.Qd1xd8 Ra8xd8
15.fxe3 Rf8xf1
16.Kxf1 Rd8f8
17.Ke2 Rf8f5
18.Ra1d1 Rf5xe5
19.Rd1d7 Re5xe4
20.Rd7xe7 Re4c4
21.c3 Rc4c6
22.g4 Kf8
23.Re7d7 Rc6b6
24.b3 c5
25.Kd3 Rb6b5
26.Kc4 a6
27.a4 Rb5b6
28.e4 h6
29.e5 g6
30.Rd7c7 a5
31.Rc7xc5 Ke8
32.Rc5xa5 Rb6c6
33.Ra5c5 Rc6b6
34.b4 Kd7
35.b5 g5
36.a5 { resign }
1-0

[Event "Tourn. n8143"]
[Site "www.chess-mail.com"]
[Date "2015.04.07"]
[Round "1"]
[White "Derfel83"]
[Black "Biagio"]
[WhiteElo "1840"]
[BlackElo "1930"]
[Result "0-1"]
[Round "1"]
1.e4 c6
2.d4 d5
3.exd5 cxd5
4.c4 Ng8f6
5.Nb1c3 e6
6.Bc1g5 Bf8e7
7.Ng1f3 O-O
8.Qd1e2 dxc4
9.Qe2xc4 a6
10.a4 b5
11.Qc4d3 b4
12.Nc3e4 Bc8b7
13.Bg5xf6 Be7xf6
14.Bf1e2 Nb8c6
15.Ne4xf6 Qd8xf6
16.O-O Rf8d8
17.Qd3c2 Nc6xd4
18.Nf3xd4 Qf6xd4
19.Ra1d1 Qd4b6
20.Qc2c4 a5
21.Qc4h4 Bb7d5
22.Be2c4 Bd5xc4
23.Qh4xc4 Ra8c8
24.Qc4b5 Qb6xb5
25.axb5 Rd8xd1
26.Rf1xd1 Kf8
27.g3 Rc8b8
{ resign }
0-1

[Event "Match"]
[Site "www.echecsemail.com"]
[Date "2015.04.07"]
[Round "1"]
[White "Orkman"]
[Black "F14"]
[WhiteElo "2130"]
[BlackElo "1850"]
[Result "1-0"]
[Round "1"]
1.e4 e5
2.Ng1f3 Nb8c6
3.d4 exd4
4.Nf3xd4 Nc6xd4
5.Qd1xd4 Ng8f6
6.Nb1c3 d6
7.Bc1g5 Bf8e7
8.O-O-O Bc8e6
9.f4 O-O
10.f5 c5
11.Qd4d2 Be6c8
12.Bf1c4 a6
13.Bg5xf6 Be7xf6
14.Qd2xd6 Qd8xd6
15.Rd1xd6 Bf6g5
16.Kb1 Bg5f4
17.Rd6d1 b5
18.Bc4e2 c4
19.Nc3d5 Bf4e5
20.Nd5e7 Kh8
21.Ne7xc8 Ra8xc8
22.Rd1d7 h6
23.Rh1d1 Rc8c7
24.Rd7xc7 Be5xc7
25.Rd1d7 Bc7xh2
26.Rd7a7 Rf8d8
27.Ra7xa6 Rd8d2
28.Be2f3 Rd2f2
29.a4 bxa4
30.Ra6xa4 c3
31.bxc3 Bh2e5
32.Kb2 f6
33.Ra4a1 Rf2d2
34.Ra1d1 Rd2f2
35.Rd1d8 Kh7
36.Kb3 Be5c7
37.Rd8d7 Bc7e5
38.c4 Rf2f1
39.Bf3h5 Rf1b1
40.Ka4 Rb1b2
41.Bh5g6 { resign }
1-0

[Event "Match"]
[Site "www.echecsemail.com"]
[Date "2015.04.07"]
[Round "1"]
[White "Easychess"]
[Black "Alanocturna"]
[WhiteElo "1470"]
[BlackElo "1580"]
[Result "0-1"]
[Round "1"]
1.c4 g6
2.Nb1c3 Bf8g7
3.g3 e6
4.Bf1g2 Ng8e7
5.d4 d5
6.cxd5 Ne7xd5
7.Nc3xd5 exd5
8.Ng1f3 O-O
9.O-O Nb8c6
10.e3 Bc8g4
11.h3 Bg4f5
12.Bc1d2 a5
13.Ra1c1 Qd8d6
14.Bd2c3 b5
15.a3 b4
16.axb4 Nc6xb4
17.Qd1d2 Rf8b8
18.Nf3e5 Nb4a2
19.Rc1a1 Na2xc3
20.bxc3 c5
21.g4 { time. }
0-1

[Event "Match"]
[Site "www.echecsemail.com"]
[Date "2015.04.07"]
[Round "1"]
[White "Razorboy"]
[Black "Gatoss"]
[WhiteElo "1880"]
[BlackElo "1900"]
[Result "0-1"]
[Round "1"]
1.d4 Ng8f6
2.Ng1f3 d5
3.Nb1c3 e6
4.Bc1g5 h6
5.Bg5xf6 Qd8xf6
6.Qd1d3 c5
7.Nc3b5 Qf6e7
8.e4 a6
9.Nb5c3 c4
10.Qd3d2 Qe7d7
11.Nf3e5 Qd7c7
12.a3 Nb8c6
13.Ne5xc6 Qc7xc6
14.e5 Bf8e7
15.b3 cxb3
16.cxb3 O-O
17.Bf1d3 b5
18.O-O f6
19.exf6 Be7xf6
20.Nc3d1 Bf6xd4
21.Ra1c1 Qc6b6
22.h3 e5
23.Nd1c3 Bd4xc3
24.Rc1xc3 Bc8b7
25.Rf1e1 d4
26.Rc3c1 Ra8e8
27.Bd3e4 Bb7xe4
28.Re1xe4 Qb6b7
29.f3 Qb7b6
30.b4 Qb6g6
31.Re4g4 Qg6b6
32.Qd2a2 Kh7
33.Kf2 d3
34.Ke1 Qb6g1
35.Kd2 Qg1f2
36.Kxd3 Qf2xa2
37.Rc1c7 Re8d8
38.Ke4 Rd8d4
39.Kxe5 Qa2d5

0-1

[Event "Match"]
[Site "www.echecsemail.com"]
[Date "2015.04.07"]
[Round "1"]
[White "Germancho95"]
[Black "Paco6"]
[WhiteElo "1630"]
[BlackElo "1670"]
[Result "1-0"]
[Round "1"]
1.d4 d5
2.Bc1g5 Nb8c6
3.Nb1d2 Nc6xd4
4.e3 Nd4f5
5.Bf1d3 f6
6.Bg5h4 e5
7.Ng1f3 Bf8c5
8.e4 dxe4
9.Nd2xe4 Bc5b6
10.O-O Ng8h6
11.Bd3b5 Bc8d7
12.Bb5c4 Qd8e7
13.a3 O-O-O
14.b4 Bd7c6
15.Qd1e2 Rd8d7
16.Bc4d3 Rh8d8
17.Rf1d1  { time }
1-0

[Event "Match"]
[Site "www.echecsemail.com"]
[Date "2015.04.07"]
[Round "1"]
[White "Norbos"]
[Black "Expert"]
[WhiteElo "1690"]
[BlackElo "1680"]
[Result "0-1"]
[Round "1"]
1.e4 c6
2.d4 d5
3.e5 Bc8f5
4.Ng1f3 e6
5.Bf1d3 Bf5xd3
6.Qd1xd3 Qd8a5
7.Nb1c3 Qa5a6
8.Qd3xa6 Nb8xa6
9.Bc1g5 Bf8b4
10.O-O h6
11.Bg5d2 Bb4xc3
12.Bd2xc3 Ng8e7
13.Ra1e1 c5
14.a3 Ra8c8
15.Re1e2 b6
16.b4 cxd4
17.Bc3xd4 O-O
18.Nf3h4 Na6b8
19.g3 g5
20.Nh4f3 Ne7f5
21.Rf1c1 g4
22.Nf3e1 Nf5xd4
23.Re2d2 Nd4b3
24.cxb3 Rc8xc1
25.Kf1 Nb8c6
26.Ke2 Nc6xe5
27.Ne1d3 Ne5xd3
28.Rd2xd3 Rf8c8
29.Ke3 Rc8c3
30.b5 Rc3xd3
31.Kxd3 Rc1h1
32.Ke2 Rh1xh2
33.b4 Kg7
34.a4 Rh2h1
35.f3 gxf3
36.Kxf3 Rh1b1
37.Kf2 Rb1xb4
38.Kg2 Rb4xa4
39.Kh3 Ra4b4
{ resign }
0-1